000 00590nam a2200193 i 4500
001 15367
003 ES-MaACL
005 20230906151043.0
007 t|
008 000216s1999 sp ||||1| spa d
020 _a84-922221-6-6
080 _a821.134.2-32"19"(082.2)
245 0 0 _aCuarta Edición del Certamen Literario Santoña... la mar.
260 _aSantoña :
_bConcejalía de Cultura y Deporte,
_c1999.
300 _a65 p. ;
_c21 cm.
650 4 _aNovelas cortas españolas-
_yS.XX.
_915633
710 1 _aSantoña.
_bAyuntamiento.
_96505
852 _aES-MaACL
_jL-22532
_bR.128131
999 _c15367
_d15367